00507nam a22001577a 450000500170000001000150001702000260003203500140005803700130007208200080008510000240009324500540011726000390017127001040021030000350031420221028112621.0 aENG-135569 a9789353513672c310.00 aEN-119101 bDBAD/PUB a920 aSarkar, Dilip Kumar aNobel prize for physics /cby Dilip Kumar Sarkar aKolkatab Dilip Kumar Sarkarc2019 aC-4/2 "Triparna" 39A , Gobinda Auddy Road ChetlabKolkatae700027k033-24795663mdilipsar@gmail.com a194p.c22cm(pbk)bBibliography